Outsourcing v bankovníctve
Vymedzenie pojmu a charakteristika outsourcingu. Špecifiká outsourcingu v bankovníctve. Outsourcing bankomatov a POS (point of sales) terminálov. Využívanie outsourcingu na Slovensku.
Uložené v:
| Hlavný autor: | |
|---|---|
| Ďalší autori: | , , |
| Médium: | Kapitola |
| Jazyk: | Slovak |
| Predmet: | |
| Tagy: |
Žiadne tagy, Buďte prvý, kto otaguje tento záznam!
|
MARC
| LEADER | 00000naa$a2200000$$$4500 | ||
|---|---|---|---|
| 001 | 0120049 | ||
| 005 | 20240502072337.2 | ||
| 041 | 0 | |a slo | |
| 044 | |a SK | ||
| 245 | 1 | 0 | |a Outsourcing v bankovníctve |c Mária Hasprová, Vítězslav Balhar, Peter Drábik, Štefan Žák |
| 520 | |a Vymedzenie pojmu a charakteristika outsourcingu. Špecifiká outsourcingu v bankovníctve. Outsourcing bankomatov a POS (point of sales) terminálov. Využívanie outsourcingu na Slovensku. | ||
| 610 | 2 | 0 | |a bankovníctvo |
| 610 | 2 | 0 | |a banky |
| 610 | 2 | 0 | |a služby bankové |
| 610 | 2 | 0 | |a outsourcing |
| 610 | 2 | 0 | |a bankomaty |
| 610 | 2 | 0 | |a klienti |
| 610 | 2 | 0 | |a kvalita |
| 610 | 2 | 0 | |a technológie informačné |
| 610 | 2 | 0 | |a technológie komunikačné |
| 100 | 1 | |a Hasprová, Mária, 1970- | |
| 700 | 1 | |a Balhar, Vítězslav, Jr. | |
| 700 | 1 | |a Drábik, Peter, 1981- | |
| 700 | 1 | |a Žák, Štefan, 1971- | |